[Event "Senta op-A 10th"]
[Site "Senta"]
[Date "2006.07.24"]
[Round "5"]
[White "Sekelj, Geza"]
[Black "Todorovic, Jovan"]
[Result "0-1"]
[WhiteElo "2238"]
[BlackElo "2363"]
[PlyCount "56"]
[EventDate "2006.07.21"]
[EventType "swiss"]
[EventRounds "9"]
[EventCountry "YUG"]
[SourceTitle "CBM 113 Extra"]
[Source "ChessBase"]
[SourceDate "2006.09.14"]
[SourceVersion "1"]
[SourceVersionDate "2006.09.14"]
[SourceQuality "1"]

1. e4 c5 2. Nf3 d6 3. d4 cxd4 4. Nxd4 Nf6 5. Nc3 Nc6 6. Bc4 e6 7. Be3 a6 8. Qe2 Qc7 9. 0-0-0 Na5 10. Bb3 b5 11. f3 Be7 12. g4 Nxb3+ 13. axb3 b4 14. Na4 Nd7 15. Kb1 Nc5 16. Qc4 Bd7 17. Qxb4 Nxa4 18. bxa4 Rb8 19. Qd2 Bxa4 20. Qd3 0-0 21. Bc1 Rfc8 22. b3 Bd7 23. Bb2 a5 24. g5 a4 25. f4 Qa7 26. h4 e5 27. Ne2 axb3 28. cxb3 Bb5 0-1

[Event "Senta op-A 10th"]
[Site "Senta"]
[Date "2006.07.21"]
[Round "1"]
[White "Sekelj, Geza"]
[Black "Hadzovic, Amir"]
[Result "1-0"]
[WhiteElo "2238"]
[BlackElo "1959"]
[PlyCount "83"]
[EventDate "2006.07.21"]
[EventType "swiss"]
[EventRounds "9"]
[EventCountry "YUG"]
[SourceTitle "CBM 113 Extra"]
[Source "ChessBase"]
[SourceDate "2006.09.14"]
[SourceVersion "1"]
[SourceVersionDate "2006.09.14"]
[SourceQuality "1"]

1. e4 e5 2. Nf3 Nc6 3. Bb5 a6 4. Ba4 Nf6 5. 0-0 Be7 6. Re1 b5 7. Bb3 d6 8. c3 0-0 9. d4 Bg4 10. d5 Na5 11. Bc2 Nc4 12. a4 Nd7 13. b3 Na5 14. Nbd2 bxa4 15. Rxa4 c5 16. h3 Bh5 17. Qe2 Qb6 18. Bb2 Bxf3 19. Qxf3 Bg5 20. Rea1 Bxd2 21. Rxa5 c4 22. b4 Rfc8 23. Qe2 Bf4 24. Bd1 Rc7 25. Qc2 g6 26. Kf1 h5 27. Be2 Qb7 28. Bc1 Bxc1 29. Qxc1 Nf6 30. Qe3 Qc8 31. Bd1 Kg7 32. Ba4 h4 33. Bb5 Nh5 34. Rxa6 Rb8 35. Bc6 Nf4 36. Ra8 Rxc6 37. Rxb8 Qxb8 38. dxc6 Qc7 39. b5 d5 40. exd5 Nxd5 41. Qc5 Qd8 42. Kg1 1-0

[Event "YUG-Cup"]
[Site "Herceg Novi"]
[Date "2000.??.??"]
[Round "5"]
[White "Sekelj, Geza"]
[Black "Stojanovic, Dalibor"]
[Result "1-0"]
[WhiteElo "2267"]
[BlackElo "2249"]
[PlyCount "93"]
[EventDate "2000.05.27"]
[EventType "swiss"]
[EventRounds "7"]
[EventCountry "YUG"]
[SourceTitle "EXT 2001"]
[Source "ChessBase"]
[SourceDate "2000.11.22"]
[SourceVersion "1"]
[SourceVersionDate "2000.11.22"]
[SourceQuality "1"]

1. e4 c5 2. Nf3 Nc6 3. d4 cxd4 4. Nxd4 g6 5. Nc3 Bg7 6. Be3 Nf6 7. Be2 0-0 8. 0-0 d6 9. h3 Bd7 10. Qd2 Nxd4 11. Bxd4 Bc6 12. f3 Qa5 13. a3 Rfc8 14. Rfd1 Bd7 15. g4 h5 16. Kg2 Be6 17. Bxf6 exf6 18. Qxd6 hxg4 19. hxg4 f5 20. gxf5 gxf5 21. Nd5 Bxd5 22. Rxd5 Qa4 23. c4 fxe4 24. Rg5 Rc6 25. Qe5 f6 26. Rxg7+ Kxg7 27. Qe7+ Kg6 28. Rg1 Qa5 29. Kf2+ Qg5 30. Qxe4+ f5 31. Rxg5+ Kxg5 32. Qe7+ Kg6 33. f4 Rh8 34. Bf3 Rf6 35. Qxb7 Rb6 36. Qxa7 Rxb2+ 37. Ke3 Re8+ 38. Kd4 Rf2 39. Bd5 Rxf4+ 40. Kc3 Rf8 41. Qe7 Rf6 42. Qe8+ Kg5 43. Qe3 Kg4 44. a4 Rh6 45. a5 Rh2 46. Qg1+ Kh3 47. Qxh2+ 1-0

[Event "Kecskemet opB"]
[Site "Kecskemet"]
[Date "1987.06.13"]
[Round "2"]
[White "Moehring, Guenther"]
[Black "Sekelj, Geza"]
[Result "1-0"]
[WhiteElo "2340"]
[BlackElo "2260"]
[PlyCount "71"]
[EventDate "1987.06.12"]
[EventType "swiss"]
[EventRounds "11"]
[EventCountry "HUN"]
[SourceTitle "EXT 2002"]
[Source "ChessBase"]
[SourceDate "2001.11.25"]
[SourceVersion "1"]
[SourceVersionDate "2001.11.25"]
[SourceQuality "1"]

1. Nf3 e6 2. c4 f5 3. g3 Nf6 4. Bg2 d5 5. b3 Bd6 6. Bb2 0-0 7. d3 Nbd7 8. Nbd2 c6 9. 0-0 Qe8 10. e4 fxe4 11. dxe4 Bc5 12. Qc2 Bb6 13. Ba3 dxe4 14. Nxe4 Nxe4 15. Qxe4 Nc5 16. Qe2 Rf6 17. Rad1 Qh5 18. Bb2 Rf7 19. Rfe1 Nd7 20. Nd4 Qxe2 21. Rxe2 Nf8 22. Nf3 Ng6 23. Ng5 Rf5 24. Ne4 e5 25. Bh3 Rf8 26. Bxc8 Raxc8 27. Rd7 Rc7 28. Red2 Rxd7 29. Rxd7 Rb8 30. Ba3 Nf8 31. Bxf8 Kxf8 32. Kg2 Bd8 33. Nc5 Be7 34. Nxb7 Bb4 35. Rd8+ Rxd8 36. Nxd8 1-0